<?xml version="1.0" encoding="UTF-8"?>
<record
    xmlns:xsi="http://www.w3.org/2001/XMLSchema-instance"
    xsi:schemaLocation="http://www.loc.gov/MARC21/slim http://www.loc.gov/standards/marcxml/schema/MARC21slim.xsd"
    xmlns="http://www.loc.gov/MARC21/slim">

  <leader>01240nam0a22002891  4500</leader>
  <controlfield tag="001">rc\3987026</controlfield>
  <controlfield tag="005">20250610224048.0</controlfield>
  <datafield tag="021" ind1=" " ind2=" ">
    <subfield code="a">RU</subfield>
    <subfield code="b">[56-27933]</subfield>
  </datafield>
  <datafield tag="035" ind1=" " ind2=" ">
    <subfield code="a">(NLR Aleph) 007937998</subfield>
  </datafield>
  <datafield tag="090" ind1=" " ind2=" ">
    <subfield code="a">8261053</subfield>
    <subfield code="c">8261053</subfield>
  </datafield>
  <datafield tag="100" ind1=" " ind2=" ">
    <subfield code="a">20130415d1956    |||y0rusy50      ca</subfield>
  </datafield>
  <datafield tag="101" ind1="0" ind2=" ">
    <subfield code="a">rus</subfield>
  </datafield>
  <datafield tag="102" ind1=" " ind2=" ">
    <subfield code="a">RU</subfield>
  </datafield>
  <datafield tag="105" ind1=" " ind2=" ">
    <subfield code="a">y   z   |||c|</subfield>
  </datafield>
  <datafield tag="200" ind1="1" ind2=" ">
    <subfield code="a">&#x416;&#x438;&#x432;&#x43E;&#x435; &#x431;&#x43E;&#x433;&#x430;&#x442;&#x441;&#x442;&#x432;&#x43E;</subfield>
    <subfield code="e">&#x41E;&#x447;&#x435;&#x440;&#x43A;&#x438;</subfield>
  </datafield>
  <datafield tag="210" ind1=" " ind2=" ">
    <subfield code="a">&#x41C;&#x43E;&#x441;&#x43A;&#x432;&#x430;</subfield>
    <subfield code="c">&#x41F;&#x440;&#x430;&#x432;&#x434;&#x430;</subfield>
    <subfield code="d">1956</subfield>
  </datafield>
  <datafield tag="215" ind1=" " ind2=" ">
    <subfield code="a">48 &#x441;.</subfield>
    <subfield code="d">17</subfield>
  </datafield>
  <datafield tag="225" ind1="1" ind2=" ">
    <subfield code="a">&#x411;&#x438;&#x431;&#x43B;&#x438;&#x43E;&#x442;&#x435;&#x43A;&#x430; "&#x41E;&#x433;&#x43E;&#x43D;&#x435;&#x43A;"</subfield>
    <subfield code="v">&#x2116; 20</subfield>
  </datafield>
  <datafield tag="327" ind1="1" ind2=" ">
    <subfield code="a">&#x421;&#x43E;&#x434;&#x435;&#x440;&#x436;.: &#x416;&#x438;&#x432;&#x43E;&#x435; &#x431;&#x43E;&#x433;&#x430;&#x442;&#x441;&#x442;&#x432;&#x43E;; &#x41A;&#x430;&#x43B;&#x443;&#x436;&#x441;&#x43A;&#x438;&#x435; &#x433;&#x443;&#x441;&#x438;; &#x421;&#x442;&#x435;&#x43F;&#x44C; &#x421;&#x442;&#x440;&#x435;&#x43B;&#x435;&#x446;&#x43A;&#x430;&#x44F;; &#x412; &#x432;&#x43E;&#x43B;&#x43E;&#x433;&#x43E;&#x434;&#x441;&#x43A;&#x438;&#x445; &#x43B;&#x435;&#x441;&#x430;&#x445;; &#x41D;&#x430;&#x441;&#x442;&#x443;&#x43F;&#x43B;&#x435;&#x43D;&#x438;&#x435; &#x43D;&#x430; &#x41A;&#x44B;&#x440;&#x43A;-&#x43A;&#x44B;&#x437;</subfield>
  </datafield>
  <datafield tag="464" ind1=" " ind2="0">
    <subfield code="1">2001#$a&#x416;&#x438;&#x432;&#x43E;&#x435; &#x431;&#x43E;&#x433;&#x430;&#x442;&#x441;&#x442;&#x432;&#x43E;$a&#x41A;&#x430;&#x43B;&#x443;&#x436;&#x441;&#x43A;&#x438;&#x435; &#x433;&#x443;&#x441;&#x438;$a&#x421;&#x442;&#x435;&#x43F;&#x44C; &#x421;&#x442;&#x440;&#x435;&#x43B;&#x435;&#x446;&#x43A;&#x430;&#x44F;$a&#x412; &#x432;&#x43E;&#x43B;&#x43E;&#x433;&#x43E;&#x434;&#x441;&#x43A;&#x438;&#x445; &#x43B;&#x435;&#x441;&#x430;&#x445;$a&#x41D;&#x430;&#x441;&#x442;&#x443;&#x43F;&#x43B;&#x435;&#x43D;&#x438;&#x435; &#x43D;&#x430; &#x41A;&#x44B;&#x440;&#x43A;-&#x43A;&#x44B;&#x437;</subfield>
    <subfield code="t">&#x41D;&#x430;&#x441;&#x442;&#x443;&#x43F;&#x43B;&#x435;&#x43D;&#x438;&#x435; &#x43D;&#x430; &#x41A;&#x44B;&#x440;&#x43A;-&#x43A;&#x44B;&#x437;</subfield>
  </datafield>
  <datafield tag="700" ind1=" " ind2="1">
    <subfield code="a">&#x422;&#x438;&#x442;&#x43E;&#x432;</subfield>
    <subfield code="b">&#x412;. &#x421;.</subfield>
    <subfield code="c">&#x43F;&#x438;&#x441;&#x430;&#x442;&#x435;&#x43B;&#x44C;</subfield>
    <subfield code="f">1908-</subfield>
    <subfield code="g">&#x412;&#x430;&#x441;&#x438;&#x43B;&#x438;&#x439; &#x421;&#x435;&#x440;&#x433;&#x435;&#x435;&#x432;&#x438;&#x447;</subfield>
    <subfield code="9">212348</subfield>
    <subfield code="3">RU\NLR\AUTH\770212404</subfield>
  </datafield>
  <datafield tag="801" ind1=" " ind2="0">
    <subfield code="a">RU</subfield>
    <subfield code="b">NLR</subfield>
    <subfield code="g">psbo</subfield>
  </datafield>
  <datafield tag="801" ind1=" " ind2="1">
    <subfield code="a">RU</subfield>
    <subfield code="b">ELAR</subfield>
    <subfield code="2">rusmarc</subfield>
  </datafield>
  <datafield tag="852" ind1=" " ind2=" ">
    <subfield code="a">NLR</subfield>
    <subfield code="j">&#x41B;30 &#x413;-2/3370</subfield>
  </datafield>
  <datafield tag="942" ind1=" " ind2=" ">
    <subfield code="c">BOOK</subfield>
  </datafield>
  <datafield tag="980" ind1=" " ind2=" ">
    <subfield code="a">NB</subfield>
  </datafield>
  <datafield tag="995" ind1=" " ind2=" ">
    <subfield code="5">2013-10-26</subfield>
    <subfield code="b">NLR02</subfield>
    <subfield code="c">NLR02</subfield>
    <subfield code="e">RFS</subfield>
    <subfield code="f">7937998-10</subfield>
    <subfield code="k">&#x41B;30 &#x413;-2/3370</subfield>
    <subfield code="o">0</subfield>
    <subfield code="r">BOOK</subfield>
    <subfield code="s">30_23370</subfield>
  </datafield>
</record>
